Kewagama lake map-area, Quebec, (Record no. 25436)
[ view plain ]
| 000 -LEADER | |
|---|---|
| fixed length control field | 01001cam a22002651 4500 |
| 001 - CONTROL NUMBER | |
| control field | gs 14000777 |
| 003 - CONTROL NUMBER IDENTIFIER | |
| control field | DLC |
| 005 - DATE AND TIME OF LATEST TRANSACTION | |
| control field | 20260227111316.0 |
| 008 - FIXED-LENGTH DATA ELEMENTS--GENERAL INFORMATION | |
| fixed length control field | 761013s1913 oncabf b 000 0 eng c |
| 010 ## - LIBRARY OF CONGRESS CONTROL NUMBER | |
| LC control number | gs 14000777 |
| 035 ## - SYSTEM CONTROL NUMBER | |
| System control number | (OCoLC)2499582 |
| 040 ## - CATALOGING SOURCE | |
| Original cataloging agency | Library, U.S. Geological |
| Transcribing agency | OGraD |
| Modifying agency | OCoLC |
| -- | NSbSU |
| -- | DLC |
| 042 ## - AUTHENTICATION CODE | |
| Authentication code | premarc |
| 050 00 - LIBRARY OF CONGRESS CALL NUMBER | |
| Classification number | QE185 |
| Item number | .A2 no. 39 |
| 100 1# - MAIN ENTRY--PERSONAL NAME | |
| Personal name | Wilson, Morley Evans, |
| Dates associated with a name | 1882- |
| 245 10 - TITLE STATEMENT | |
| Title | Kewagama lake map-area, Quebec, |
| Statement of responsibility, etc. | by M. E. Wilson. |
| 260 ## - PUBLICATION, DISTRIBUTION, ETC. | |
| Place of publication, distribution, etc. | Ottawa, |
| Name of publisher, distributor, etc. | Government Printing Bureau, |
| Date of publication, distribution, etc. | 1913. |
| 300 ## - PHYSICAL DESCRIPTION | |
| Extent | vi, 139 p. |
| Other physical details | illus., XXIX pl. (incl. front.) fold. map (in pocket) diagrs. |
| Dimensions | 25 cm. |
| 490 1# - SERIES STATEMENT | |
| Series statement | Canada. Geological Survey. Memoir 39; Geological series, |
| Volume/sequential designation | no. 35 |
| 500 ## - GENERAL NOTE | |
| General note | At head of title: Canada. Department of Mines. |
| 500 ## - GENERAL NOTE | |
| General note | "Classified list of recent reports of Geological Survey": p. 135-139. |
| 504 ## - BIBLIOGRAPHY, ETC. NOTE | |
| Bibliography, etc. note | Bibliography: p. 8. |
| 650 #0 - SUBJECT ADDED ENTRY--TOPICAL TERM | |
| Topical term or geographic name entry element | Geology |
| Geographic subdivision | Québec (Province) |
| 830 #0 - SERIES ADDED ENTRY--UNIFORM TITLE | |
| Uniform title | Memoir (Geological Survey of Canada) ; |
| Volume/sequential designation | 39 |
No items available.